Nástupníctvo v rodinných firmách na Slovensku diplomová práca

Saved in:
Bibliographic Details
Main Author: Olejárová, Sára
Corporate Author: Obchodná fakulta EU. Katedra služieb a cestovného ruchu - zrušené
Other Authors: Naďová Krošláková, Monika, 1975-
Format: Book
Language:Slovak
Published: Bratislava 2020
Tags: Add Tag
No Tags, Be the first to tag this record!

MARC

LEADER 00000nbm a2200000 4500
001 0266321
005 20201007111203.4
041 0 |a slo 
044 |a SK 
245 1 0 |a Nástupníctvo v rodinných firmách na Slovensku  |b diplomová práca  |c Sára Olejárová ; školiteľ: Monika Naďová Krošláková 
264 1 |a Bratislava  |c 2020 
300 |a 74 s. 
100 1 |a Olejárová, Sára 
700 1 |a Naďová Krošláková, Monika, 1975- 
710 2 |a Obchodná fakulta EU. Katedra služieb a cestovného ruchu - zrušené